Giáo trình hóa sinh học thể dục thể thao

Bewaard in:
Bibliografische gegevens
Hoofdauteur: Vũ, Thị Thanh Bình
Formaat: Boek
Taal:Undetermined
Gepubliceerd in: H. ĐHSP 2007
Onderwerpen:
Online toegang:http://lrc.tdmu.edu.vn/opac/search/detail.asp?aID=2&ID=5656
Tags: Voeg label toe
Geen labels, Wees de eerste die dit record labelt!
Thư viện lưu trữ: Trung tâm Học liệu Trường Đại học Thủ Dầu Một
LEADER 00611nam a2200193Ia 4500
001 TDMU_5656
008 210410s9999 xx 000 0 und d
082 |a 612 
090 |b V500 
100 |a Vũ, Thị Thanh Bình 
245 0 |a Giáo trình hóa sinh học thể dục thể thao 
245 0 |c Vũ Thị Thanh Bình 
260 |a H. 
260 |b ĐHSP 
260 |c 2007 
300 |a 164tr. 
650 |a Hóa sinh học  |x Thể dục thể thao 
856 |u http://lrc.tdmu.edu.vn/opac/search/detail.asp?aID=2&ID=5656 
980 |a Trung tâm Học liệu Trường Đại học Thủ Dầu Một